1246 1948 1025 1757 1816 1423 1555 1274 1072 1272 1748 1840 1895 1896 1794 1443 1795 1980 1272 1331 1890 1784 1354 1566 1070 1996 1616 1632 1477 1199 1610 1311 1033 1224 1026 1394 1311 1361 1235 1090 1766 1122 1922 1892 1282 1670 1735 1296 1271 1074 1077 1214 1645 1052 1503 1185 1229 1650 1063 1549 1633 1237 1199 1135 1054 1770 1678 1519 1560 1203 1715 1332 1697 1094 1523 1105 1862 1523 1876 1533 1868 1061 1286 1869 1152 1910 1459 1811 1223 1917 1548 1903 1364 1471 1084 1169 1306 1498 1811 BCNSPRNW ULIB Ver.6.0+V

เปลี่ยนเป็นภาษาไทย

Change to English
 แสดงรายละเอียดบรรณานุกรม
  กลับหน้าหลัก

Brief Record : Get Marc (ISO 2709) : E-mail record : QR code < ปิดหน้าต่าง
LEADER : 00000nam 2200000uu 4500
001    13399114560
003     ULIB
008    110627s2550||||th 000 0 tha d
020    9789749899403
090    นว.^bย731ค ล.10
100 0  โยโคมิโซะ เซซิ
245 00 คินดะอิจิยอดนักสืบ ตอนที่ 10 คฤหาสน์เขาวงกต /^cโยโคมิโซะ เซซิ
250    พิมพ์ครั้งที่ 2
260    กรุงเทพฯ :^bBLISS publishing,^c2550
300    367 หน้า
710 1  BLISS publishing
945    ^p265^l0^i022064
995    ทศพร
999 ^a ใช้งานได้ทุกระบบ
รายการนี้ยังไม่มีแท็ก
คุณยังไม่ได้ล็อกอิน คุณสามารถมีกิจกรรมร่วมกับเว็บไซต์ได้ แต่ต้องล็อกอินก่อน ::
  ล็อกอิน

รายการสื่อสารสนเทศ

ลำดับที่ ประเภท เลขเรียก/บาร์โค้ด สถานที่ สถานะ
1. นวนิยาย
นวนิยาย
นว. ย731ค ล.10 ฉ.1 
  Barcode: 022064
ห้องสมุดวิทยาเขตสวรรค์ประชารักษ์
►นวนิยาย
บนชั้น
  ขอยืม

รายการใกล้เคียง
    ผู้แต่ง [โยโคมิโซะ เซซิ]

BibComment


ยังไม่เคยถูกคอมเมนท์

คอมเมนท์ทรัพยากรรายการนี้
  คอมเมนท์: คินดะอิจิยอดนักสื..


 Copyright 2026. Bcnsprnw @Library